00301pab a2200121 454500008004000000100002400040245005100064260000900115300001400124362000900138650001400147773001800161180718b1990 xxu||||| |||| 00| 0 eng d aTurner, Jonathan H. aEmile Durkheim's theory of social organisation c1990 a1089-1103 aJune aSociology aSocial Forces